Movies Quiz

Random Movies or Actor Quiz

Razzie Worst Actor Winners Quiz Stats

 Plays Quiz Updated Aug 18, 2019

Score 0/39 Timer 07:00
2 Plays Today
Year Actor % Correct
2012Adam Sandler
93.8%
2011Adam Sandler
93.8%
1999Adam Sandler
87.1%
1992Sylvester Stallone
85.8%
1988Sylvester Stallone
85.8%
1985Sylvester Stallone
85.8%
1984Sylvester Stallone
85.8%
2009*The Jonas Brothers
84.7%
2007Eddie Murphy
81.8%
2003Ben Affleck
81%
2008Mike Myers
73.2%
1998Bruce Willis
72.9%
1997Kevin Costner
70.2%
1994Kevin Costner
70.2%
1991Kevin Costner
70.2%
2017Tom Cruise
69.9%
2005Rob Schneider
66.4%
2013Jaden Smith
61.5%
2000John Travolta
56.4%
2001Tom Green
53.6%
Year Actor % Correct
1989William Shatner
51.8%
1996*Tom Arnold and Pauly Shore
49.5%
1995Pauly Shore
44.3%
2010Ashton Kutcher
40.4%
2018Donald Trump
35.6%
2015Jamie Dornan
32.6%
2004George W. Bush
31.1%
2006Marlon Wayans & Shawn Wayans
30.6%
1987Bill Cosby
23.7%
1990Andrew Dice Clay
22.2%
1980Neil Diamond
22%
1993Burt Reynolds
18.9%
2014Kirk Cameron
15.7%
1986Prince
15.6%
2016Dinesh D'Souza
13.3%
2002Roberto Benigni
12.4%
1982Laurence Olivier
4.9%
1983Christopher Atkins
2.8%
1981Klinton Spilsbury
2.1%

You're not logged in!

Compare scores with friends on all Sporcle quizzes.
OR
Log In

Sporcle TV

Today on Sporcle TV


Watch our educational content, quiz creation guides, and fun videos on Sporcle TV.

Show Comments

Extras

Top Quizzes Today


Score Distribution

Your Account Isn't Verified!

In order to create a playlist on Sporcle, you need to verify the email address you used during registration. Go to your Sporcle Settings to finish the process.

Report this User

Report this user for behavior that violates our Community Guidelines.

Details: